Tři pravidla účinné motivace

Hlavné zásady pracovnej motivácie. Ako motivovať zamestnancov.

Salvato in:
Dettagli Bibliografici
Autore principale: Urban, Jan
Natura: Capitolo di libro
Lingua:ceco
Soggetti:
Tags: Aggiungi Tag
Nessun Tag, puoi essere il primo ad aggiungerne!!

MARC

LEADER 00000naa a2200000 4500
001 0157780
005 20231019115840.8
041 0 |a cze 
044 |a CZ 
245 1 0 |a Tři pravidla účinné motivace  |c Jan Urban 
520 |a Hlavné zásady pracovnej motivácie. Ako motivovať zamestnancov. 
610 2 0 |a motivácia pracovná 
610 2 0 |a zamestnávatelia 
610 2 0 |a odmeňovanie 
610 2 0 |a sankcie 
610 2 0 |a výkony pracovné 
100 1 |a Urban, Jan